000 00889nam a2200253 i 4500
001 104952
003 ES-MaACL
005 20250827231409.0
007 t|
008 060531s1948 fr ||||1| fre d
080 _a165.72(38)
100 0 _aSexto Empírico.
_9105957
245 1 0 _aOeuvres choisies
_b: Contre les physicines, Contre les moralistes, Hypotyposes pyrrhoniennes /
_cde Sextus Empiricus ; traduites par Jean Grenier et Geneviève Goron.
260 _aAubier :
_bMontaigne,
_c[1948]
300 _a348 p. ;
_c19 cm.
490 1 _aBibliothèque philosophique
650 1 7 _aEscepticismo
_2embne
_912353
650 0 4 _aEscépticos.
_912356
700 1 _aGrenier, Jean.
_959944
700 1 _aGoron, Geneviève.
_959205
830 0 _aBibliothèque philosophique
_9184873
852 _aES-MaACL
_jE-11294
_z. - Biblioteca Jacinto Martínez Lacalle
999 _c104952
_d104952